000 00395nam a2200133Ia 4500
008 220217s9999||||xx |||||||||||||| ||und||
020 _a81-203-0720-8
082 _a621.382 2 OPP
100 _aOppeenheim, Alan, V Schafer, Ronald, W
245 0 _aDiscrete time signal processing
260 _aPrentice hall of india
_bNew Delhi
_c2000
300 _b250
650 _aSIGNAL PROCESSING
_9719
999 _c165886
_d165886